Herman the helper / (Record no. 5752)

MARC details
000 -LEADER
fixed length control field 00942nam a22003017a 4500
001 - CONTROL NUMBER
control field 5752
003 - CONTROL NUMBER IDENTIFIER
control field FISKH
005 - DATE AND TIME OF LATEST TRANSACTION
control field 20250807143146.0
008 - FIXED-LENGTH DATA ELEMENTS--GENERAL INFORMATION
fixed length control field 250120b cb ||||| |||| 00| 0 eng d
020 ## - INTERNATIONAL STANDARD BOOK NUMBER
International Standard Book Number 0439086302
040 ## - CATALOGING SOURCE
Original cataloging agency FISKH
Language of cataloging eng
Transcribing agency FISKH
Modifying agency FISKH
050 ## - LIBRARY OF CONGRESS CALL NUMBER
Classification number PZ7.K868
082 ## - DEWEY DECIMAL CLASSIFICATION NUMBER
Classification number 468.6
100 ## - MAIN ENTRY--PERSONAL NAME
Personal name Kraus, Robert
Dates associated with a name (1925–2001)
245 ## - TITLE STATEMENT
Title Herman the helper /
Statement of responsibility, etc. By Robert Kraus Pictures by Jose Aruego & Ariane Dewey
260 ## - PUBLICATION, DISTRIBUTION, ETC.
Place of publication, distribution, etc. New York :
Name of publisher, distributor, etc. Scholastic,
Date of publication, distribution, etc. 1974.
300 ## - PHYSICAL DESCRIPTION
Extent 32 pages :
Other physical details color illustrations ;
Dimensions 28 cm
505 ## - FORMATTED CONTENTS NOTE
Formatted contents note E<br/>
520 ## - SUMMARY, ETC.
Summary, etc. Herman the helpful octopus is always willing to assist anyone who needs his help--old or young, friend or enemy.
521 8# - TARGET AUDIENCE NOTE
Target audience note 290<br/>
Source Lexile<br/>
521 8# - TARGET AUDIENCE NOTE
Target audience note E<br/>
Source Raz-Plus<br/>
650 ## - SUBJECT ADDED ENTRY--TOPICAL TERM
Source of heading or term Fiction
Topical term or geographic name entry element Family
650 ## - SUBJECT ADDED ENTRY--TOPICAL TERM
Source of heading or term Animals
Topical term or geographic name entry element Octopuses
700 ## - ADDED ENTRY--PERSONAL NAME
Personal name Aruego, Jose
Dates associated with a name illustrator
700 ## - ADDED ENTRY--PERSONAL NAME
Personal name Dewey, Arianae
Relator term illustrator
942 ## - ADDED ENTRY ELEMENTS (KOHA)
Source of classification or shelving scheme Dewey Decimal Classification
Koha item type Books
Suppress in OPAC No
Holdings
Withdrawn status Lost status Source of classification or shelving scheme Damaged status Not for loan Collection Home library Current library Shelving location Date acquired Total Checkouts Full call number Barcode Date last seen Copy number Price effective from Koha item type Date last checked out
    Dewey Decimal Classification     Juvenile Fiction Footprints International School Library Network Toul Kork Campus Footprints International School Library Network Toul Kork Campus TK Primary Library Room(4th Floor), Bookcase 7, Shelves 57-60, Dark Green Books 01/20/2025   KRA PZ7.K868 468.6 FISTK02320 01/20/2025 1 01/20/2025 Books  
    Dewey Decimal Classification     Juvenile Fiction Footprints International School Library Network Toul Tom Poung Campus Footprints International School Library Network Toul Tom Poung Campus TTP Primary Green Bookshelves 08/07/2025 1 KRA PZ7.K868 468.6 FISBK06088 01/22/2026 2 08/07/2025 Books 01/15/2026